UEFA Champions League Finalisten - Statistiken

Allgemein
  • Dieses Quiz wurde 270 mal gespielt
  • Das Durchschnittsergebnis liegt bei 29 aus 42
Antwortstatistiken
Land Mannschft Finale Erster Platz Zweiter Platz % Korrekt
Spanien Real Madrid 18 15 3
100%
Deutschland FC Bayern München 11 6 5
99%
Spanien FC Barcelona 8 5 3
98%
Italien Inter Mailand 7 3 4
98%
England FC Liverpool 10 6 4
97%
England Manchester United 5 3 2
97%
Niederlande Ajax Amsterdam 6 4 2
96%
Deutschland Borussia Dortmund 3 1 2
96%
Italien Juventus Turin 9 2 7
96%
Italien AC Mailand 11 7 4
95%
Portugal FC Porto 2 2 0
94%
England FC Chelsea 3 2 1
93%
England Manchester City 2 1 1
93%
Portugal Benfica Lissabon 7 2 5
91%
Spanien Atlético Madrid 3 0 3
88%
Deutschland Hamburger SV 2 1 1
85%
Frankreich Paris Saint-Germain 2 1 1
85%
Schottland Celtic Glasgow 2 1 1
84%
Frankreich Olympique Marseille 2 1 1
84%
England FC Arsenal 1 0 1
81%
Serbien Roter Stern Belgrad 1 1 0
77%
England Tottenham Hotspur 1 0 1
73%
Niederlande PSV Eindhoven 1 1 0
72%
Italien AS Rom 1 0 1
66%
Spanien FC Valencia 2 0 2
66%
Deutschland Bayer 04 Leverkusen 1 0 1
65%
England Nottingham Forest 2 2 0
62%
England Aston Villa 1 1 0
60%
Frankreich AS Monaco 1 0 1
58%
Niederlande Feyenoord Rotterdam 1 1 0
57%
Rumänien Steaua Bukarest 2 1 1
52%
Deutschland Eintracht Frankfurt 1 0 1
47%
Belgien FC Brügge 1 0 1
45%
Deutschland Borussia Mönchengladbach 1 0 1
43%
Schweden Malmö FF 1 0 1
40%
Griechenland Panathinaikos Athen 1 0 1
32%
Serbien Partizan Belgrad 1 0 1
31%
England Leeds United 1 0 1
28%
Frankreich Saint-Étienne 1 0 1
28%
Italien AC Florenz 1 0 1
27%
Frankreich Stade Reims 2 0 2
17%
Italien Sampdoria Genua 1 0 1
16%
Keine übereinstimmenden Quizze gefunden
Verteilung der Resultate
Anzahl Personen mit jedem Resultat
Perzentil nach korrekt beantworteten Fragen
Ihre Resultats-Entwicklung
Sie haben dieses Quiz noch nicht gespielt